Introduction to clinical psychology: science, practice, and ethics. (Record no. 115751)
[ view plain ]
| 000 -LEADER | |
|---|---|
| fixed length control field | 00457nam a2200157Ia 4500 |
| 008 - FIXED-LENGTH DATA ELEMENTS--GENERAL INFORMATION | |
| fixed length control field | 210210b2005 xxu||||| |||| 00| 0 eng d |
| 020 ## - INTERNATIONAL STANDARD BOOK NUMBER | |
| International Standard Book Number | 81 297 1030 7 |
| 082 ## - DEWEY DECIMAL CLASSIFICATION NUMBER | |
| Classification number | 157.9 HECI |
| 100 ## - MAIN ENTRY--PERSONAL NAME | |
| Personal name | HECKER (Jeffrey ) |
| 245 ## - TITLE STATEMENT | |
| Title | Introduction to clinical psychology: science, practice, and ethics. |
| 260 ## - PUBLICATION, DISTRIBUTION, ETC. | |
| Place of publication, distribution, etc. | Delhi |
| Name of publisher, distributor, etc. | Pearson Education Pvt Ltd. |
| Date of publication, distribution, etc. | 2005 |
| 300 ## - PHYSICAL DESCRIPTION | |
| Extent | 574 |
| 690 ## - LOCAL SUBJECT ADDED ENTRY--TOPICAL TERM (OCLC, RLIN) | |
| Topical term or geographic name as entry element | Clinical Psychology |
| 700 ## - ADDED ENTRY--PERSONAL NAME | |
| Personal name | THORPE (Geoffrey L). |
| 906 ## - LOCAL DATA ELEMENT F, LDF (RLIN) | |
| a | SG04866 |
| Withdrawn status | Lost status | Damaged status | Not for loan | Collection code | Home library | Current library | Shelving location | Date acquired | Source of acquisition | Cost, normal purchase price | Total Checkouts | Full call number | Barcode | Date last seen | Price effective from | Koha item type |
|---|---|---|---|---|---|---|---|---|---|---|---|---|---|---|---|---|
| St Aloysius Library | St Aloysius Library | 02/17/2021 | Book World Mangalore. | 325.00 | 157.9 HECI | SG04866 | 02/17/2021 | 02/17/2021 | Special Grants |